| 000 | 00542nam a2200181 a 4500 | ||
|---|---|---|---|
| 001 | 3141 | ||
| 003 | CDMR | ||
| 005 | 20131125170326.0 | ||
| 008 | 130130s1944||||||||||||||||||||||||||||d | ||
| 040 |
_aCDMR _bcat _cCDMR |
||
| 100 | 1 |
_aBeneyto, Juan _925 |
|
| 245 | 1 | 0 |
_aPlanteamiento del régimen jurídico de prensa y propaganda _cJuan Beneyto Pérez |
| 260 |
_aMadrid _c1944 _bInstituto Editorial Reus |
||
| 300 |
_a65 p ; _c25 cm |
||
| 650 | 0 | 4 |
_93176 _aPremsa i propaganda |
| 650 | 0 | 4 |
_94383 _aPremsa _xDret i legislació _zEspanya |
| 942 |
_cMON _2udc |
||
| 999 |
_c3141 _d3141 |
||